"Thanks" in Different Languages - Statistics

General Stats
  • This quiz has been taken 179 times
  • The average score is 10 of 15
Answer Stats
Hint Answer % Correct
Gracias Spanish
97%
Merci French
96%
Danke German
87%
Grazie Italian
83%
Arigatou Japanese
79%
Obrigado Portuguese
79%
Teşekkürler Turkish
76%
Dzięki Polish
66%
Mahalo Hawaiian
62%
Bedankt Dutch
61%
Spasibo Russian
58%
Efharistó Greek
50%
Toda Hebrew
30%
Shurkan Swahili
27%
Salamat Filipino
25%
No matching quizzes found
Score Distribution
Percent of People with Each Score
Percentile by Number Answered
Your Score History
You have not taken this quiz